[Event "SVK-chT4A21 1314"]
[Site "Slovakia"]
[Date "2014.01.26"]
[Round "7.4"]
[White "Babis, Jozef"]
[Black "Kosiarcik, Maximilian"]
[Result "0-1"]
[WhiteElo "1512"]
[BlackElo "1239"]
[PlyCount "110"]
[EventDate "2013.10.06"]
[EventType "team-tourn"]
[EventRounds "11"]
[EventCountry "SVK"]
[SourceTitle "EXT 2022"]
[Source "ChessBase"]
[SourceDate "2021.10.06"]
[SourceVersion "1"]
[SourceVersionDate "2021.10.06"]
[SourceQuality "1"]
[WhiteTeam "Vrbove"]
[BlackTeam "Vrbove II"]
[WhiteTeamCountry "SVK"]
[BlackTeamCountry "SVK"]

1. e4 e5 2. Bc4 Nf6 3. Nc3 Bc5 4. h3 Nc6 5. Nf3 0-0 6. 0-0 d6 7. a3 Be6 8. Bxe6 fxe6 9. b4 Bd4 10. Nxd4 exd4 11. Ne2 Nxe4 12. b5 Na5 13. Nxd4 Qf6 14. c3 Nc5 15. Qe2 e5 16. Nc2 Qg6 17. d4 exd4 18. Nxd4 Rae8 19. Qa2+ Qf7 20. Qxf7+ Rxf7 21. Be3 Nc4 22. Rfe1 Rfe7 23. Re2 Nxe3 24. fxe3 Rxe3 25. Rae1 Rxe2 26. Rxe2 Rxe2 27. Nxe2 a6 28. c4 Kf7 29. Kf2 Nd3+ 30. Ke3 Ne1 31. Kf2 Nc2 32. a4 Na3 33. bxa6 bxa6 34. c5 dxc5 35. Kf3 Nc4 36. Ke4 c6 37. Nc3 Ke6 38. Kd3 Nd6 39. Ke3 Ke5 40. g3 Nf5+ 41. Kf3 Kd4 42. Ne2+ Kc4 43. Ke4 Nd6+ 44. Ke5 Nf7+ 45. Ke6 Ng5+ 46. Kd6 Nxh3 47. Kxc6 Kb4 48. a5 Kxa5 49. Kxc5 Nf2 50. Kc4 Kb6 51. Nf4 Ne4 52. g4 h6 53. Ne6 g5 54. Nd8 Nf6 55. Nf7 Nxg4 0-1